000 01035nas a2200289 4500
001 BR8300242
003 BR-BrBNA
005 20231205085402.0
007 ta
008 230509b bl.|||p| |||| 00| 00por d
040 _aBR-BrBNA
_bpor
_cBiblioteca Nacional de Agricultura
041 _a(Pt)
072 _aH20
100 1 _aPrabhu, A.S.
100 1 _aPolaro, R.H.
100 1 _aCorrea, J.R.V.
100 1 _aSilva, J.F. de A.F. da
100 1 _aZimmermann, F.J.P.
245 1 _aRelacao entre murcha da teia micelica e producao no feijoeiro comum [Phaseolus vulgaris, Thanatephorus cucumeris, Rhizoctonia microsclerotia]
246 1 _aRelation between web-blight disease and common bean yield [Phaseolus vulgaris, Thanatephorus cucumeris, Rhizoctonia microsclerotia]
650 _aFEIJAO
650 _aMURCHA
650 _aFUNGO
773 0 _tPesquisa Agropecuaria Brasileira (Brazil)
_xISSN 0100-204X
_g(Nov 1982), v. 17(11) p. 1607-1613
_wBR8300242
909 _a202311
_bLúcia
_c55
_dLúcia Elande
942 _2AGRIS
_n0
_cANA
999 _c111127
_d111127